| 000 | 01311cam a22002174a 4500 | ||
|---|---|---|---|
| 005 | 20250605164225.0 | ||
| 008 | 250528s ||||||||||||||||||||||||d | ||
| 035 | _a20828 | ||
| 020 | _a9780323027755 | ||
| 040 |
_aGR-AtMCL _bgre _dGR-AtMCL _eAACR2 |
||
| 245 | 1 | _aCardiovascular and Pulmonary Physical Therapy / Evidence and Practice: Fourth Edition | |
| 250 | _a4th | ||
| 260 |
_bElsevier, _c2006 |
||
| 300 | _a850 | ||
| 520 | _aThis resource lays a strong foundation for physical therapy practice with solid coverage of anatomy and physiology, assessment, and intervention. Cardiovascular and Pulmonary Function in Health and Disease, Cardiopulmonary Assessment, Cardiovascular and Pulmonary Physical Therapy Interventions, Guidelines for the Delivery of Cardiovascular and Pulmonary Physical Therapy Acute Conditions, Guidelines for the Delivery of Cardiovascular and Pulmonary Physical Therapy Chronic Conditions, Guidelines for the Delivery of Cardiovascular and Pulmonary Physical Therapy Critical Care, Guidelines for the Delivery of Cardiovascular and Pulmonary Physical Therapy Special Cases, Related Aspects of Cardiovascular Physical Therapy, Glossary, Index. | ||
| 700 | 1 |
_aDean Elizabeth _96799 |
|
| 700 | 1 |
_aFrownfelter Donna _96800 |
|
| 942 | _cBK | ||
| 999 |
_c5910 _d5910 |
||